| 000 | 00573nam a2200193 a 4500 | ||
|---|---|---|---|
| 005 | 20220929063749.0 | ||
| 008 | 991125s2000 ea 000 0 eng u | ||
| 020 | _a0415191149 | ||
| 035 | _aUPN01000026246 | ||
| 049 | _aCG | ||
| 050 | 4 |
_aLC1090 _bE3.3 |
|
| 100 | 1 | _aEdwards, Richard | |
| 245 | 1 | 0 |
_aGlobalisation an pedagogy : _bspace, place and identity / _cRichard Edwards and Robin Usher. |
| 260 |
_aLondon : _bRoutledge, _c2000. |
||
| 300 | _a179 p. | ||
| 650 | 7 |
_aEducación internacional _2 _97351 |
|
| 700 | 1 |
_aUsher, Robin, _d1944- _ecoaut. _932524 |
|
| 905 | _aLibro | ||
| 999 |
_c26246 _d26246 |
||